000 02581nam a2200409 a 4500
001 ebr10209938
003 CaPaEBR
006 m u
007 cr cn|||||||||
008 040726s2005 ilua sb 101 0 eng
010 _z 2004055352
020 _z9780226044729
020 _z9780226044736
020 _z0226044726 (paper)
020 _z0226044718 (cloth : alk. paper)
040 _aCaPaEBR
_cCaPaEBR
035 _a(OCoLC)187305165
050 1 4 _aHG229
_b.I45636 2005eb
082 0 4 _a332.4/1
_222
245 0 4 _aThe inflation-targeting debate
_h[electronic resource] /
_cedited by Ben S. Bernanke and Michael Woodford.
260 _aChicago :
_bUniversity of Chicago Press,
_cc2005.
300 _aix, 458 p. :
_bill.
490 1 _aNational Bureau of Economic Research--studies in business cycles ;
_vv. 32
500 _a"This volume grew out of a National Bureau of Economic Research (NBER) conference on inflation targeting held in Bal Harbour, Florida, in January 2003"--p. ix.
504 _aIncludes bibliographical references and indexes.
505 0 _aWhat has inflation targeting achieved? / Mervyn King -- Implementing optimal policy through inflation-forecast targeting / Lars E.O. Svensson and Michael Woodford -- Optimal inflation-targeting rules / Marc P. Giannoni and Michael Woodford -- Inflation targeting, price-path targeting, and output variability / Stephen G. Cecchetti and Junhan Kim -- Imperfect knowledge, inflation expectations, and monetary policy / Athanasios Orphanides and John C. Williams -- Does inflation targeting matter? / Laurence Ball and Niamh Sheridan -- Limits to inflation targeting / Christopher A. Sims -- Inflation targeting in the United States? / Marvin Goodfriend -- Inflation targeting in transition economies : experience and prospects / Jiri Jonas and Frederic S. Mishkin -- Inflation targeting and sudden stops / Ricardo J. Caballero and Arvind Krishnamurthy.
533 _aElectronic reproduction.
_bPalo Alto, Calif. :
_cebrary,
_d2013.
_nAvailable via World Wide Web.
_nAccess may be limited to ebrary affiliated libraries.
650 0 _aInflation (Finance)
_vCongresses.
650 0 _aMonetary policy
_vCongresses.
655 7 _aElectronic books.
_2local
700 1 _aBernanke, Ben.
700 1 _aWoodford, Michael,
_d1955-
710 2 _aNational Bureau of Economic Research.
710 2 _aebrary, Inc.
830 0 _aStudies in business cycles ;
_vno. 32.
856 4 0 _uhttp://site.ebrary.com/lib/rucke/Doc?id=10209938
_zAn electronic book accessible through the World Wide Web; click to view
999 _c124024
_d124024